All Common Dinosaurs - Statistics

General Stats
  • This quiz has been taken 22 times
  • The average score is 4 of 15
Answer Stats
Stage Type Answer % Correct
Already Unlocked Herbivore Triceratops
100%
Beat Battle Stage 2 Pterosaur Alanqa
33%
Beat Battle Stage 15 Amphibian Diplocaulus
33%
Beat Battle Stage 1 Carnivore Majungasaurus
33%
Beat Battle Stage 6 Pterosaur Tropeognathus
33%
Beat Battle Stage 4 Herbivore Argentinosaurus
28%
Beat Battle Stage 7 Carnivore Utahraptor
28%
Beat Battle Stage 9 Amphibian Labyrinthodontia
22%
Beat Battle Stage 17 Herbivore Tuojiangosaurus
17%
Beat Battel Stage 26 Herbivore Bonitasaura
11%
Beat Battle Stage 31 Pterosaur Coloborhynchus
11%
Beat Battle Stage 14 Carnivore Guanlong
11%
Beat Battle Stage 13 Pterosaur Hatzegopteryx
11%
Beat Battle Stage 3 Amphibian Limnocelis
11%
Beat Battle Stage 24 Herbivore Pelecanimimus
11%
No matching quizzes found
Score Distribution
Percent of People with Each Score
Percentile by Number Answered
Your Score History
You have not taken this quiz